Click the X-Men Quiz Stats

 Plays Quiz Updated Jun 7, 2019

Score 0/15 Timer 04:00
7 Plays Today
Question Answer Wrong Answers
Wolverine Wolverine
97.1%
Sabretooth
0.4%
Ka-Zar
0.3%
Beast
0.9%
Cyclops Cyclops
93.5%
Fixer
2.3%
Falcon
1.6%
Gorgon
2.5%
Angel Angel
91.5%
Enchantress
1.2%
Shatterstar
0.9%
Colleen Wing
1.6%
Beast Beast
90.1%
A-Bomb
3.5%
Red Hulk
1.5%
Tigra
0.3%
Magneto Magneto
88.9%
Iron Man
1.7%
Dr. Doom
1.2%
Avalanche
2.3%
Nightcrawler Nightcrawler
88.7%
Agent Venom
1.3%
Black Panther
3.9%
Domino
0.9%
Gambit Gambit
84.3%
Star-Lord
3.5%
Bishop
5%
Deadpool
1.1%
Iceman Iceman
79.6%
Quicksilver
11.4%
Blue Marvel
3.9%
Moon Knight
0.9%
Rogue Rogue
78.1%
Jessica Jones
9.4%
X-23
2.9%
Omega Sentinel
4.6%
Colossus Colossus
76.8%
Hercules
2.3%
Juggernaut
12.1%
Thing
3.1%
Storm Storm
74.2%
Black Cat
22.5%
Nico Minoru
0.8%
Kamala Khan
0.6%
Psylocke Psylocke
70.9%
Hawkeye
3.4%
Songbird
13.3%
Spiral
6.2%
Emma Frost Emma Frost
68.6%
Moonstone
7%
Invisible Woman
17.4%
She-Hulk
1%
Jean Grey Jean Grey
59.1%
Songbird
13.7%
Satana
20.4%
Scarlet Witch
3.5%
Shadowcat Shadowcat
40.8%
Squirrel Girl
9.7%
Hellcat
38%
X-23
5.9%

You're not logged in!

Compare scores with friends on all Sporcle quizzes.
OR
Log In

Sporcle TV

Today on Sporcle TV


Watch our educational content, quiz creation guides, and fun videos on Sporcle TV.

Show Comments

Extras

Top Quizzes Today


Score Distribution

Your Account Isn't Verified!

In order to create a playlist on Sporcle, you need to verify the email address you used during registration. Go to your Sporcle Settings to finish the process.

Report this User

Report this user for behavior that violates our Community Guidelines.

Details: